Abortion policies : (Record no. 1397)

MARC details
000 -LEADER
fixed length control field 01639cam a2200373 a 4500
001 - CONTROL NUMBER
control field 12704168
003 - CONTROL NUMBER IDENTIFIER
control field OSt
005 - DATE AND TIME OF LATEST TRANSACTION
control field 20230619154032.0
008 - FIXED-LENGTH DATA ELEMENTS--GENERAL INFORMATION
fixed length control field 020314m20012002nyu b i000 0 eng
010 ## - LIBRARY OF CONGRESS CONTROL NUMBER
LC control number 2002615262
020 ## - INTERNATIONAL STANDARD BOOK NUMBER
International Standard Book Number 9211513510 (v. 1)
020 ## - INTERNATIONAL STANDARD BOOK NUMBER
International Standard Book Number 9211513618 (v. 2)
020 ## - INTERNATIONAL STANDARD BOOK NUMBER
International Standard Book Number 9211513650 (v. 3)
040 ## - CATALOGING SOURCE
Original cataloging agency DLC
Transcribing agency DLC
Modifying agency DLC
082 00 - DEWEY DECIMAL CLASSIFICATION NUMBER
Classification number 304.66
Edition number 21
Item number UN
245 00 - TITLE STATEMENT
Title Abortion policies :
Remainder of title a global review /
Statement of responsibility, etc. Department of Economic and Social Affairs, Population Division.
260 ## - PUBLICATION, DISTRIBUTION, ETC. (IMPRINT)
Place of publication, distribution, etc. New York :
Name of publisher, distributor, etc. United Nations,
Date of publication, distribution, etc. 2001-2002.
300 ## - PHYSICAL DESCRIPTION
Extent 3 v. ;
Dimensions 28 cm.
500 ## - GENERAL NOTE
General note "ST/ESA/SER.A/187"--Vol. 1.
500 ## - GENERAL NOTE
General note "ST/ESA/SER.A/191"--Vol. 2.
500 ## - GENERAL NOTE
General note "ST/ESA/SER.A/196"--Vol. 3.
500 ## - GENERAL NOTE
General note "United Nations publication sales no. E.01.XIII.10"--T.p. verso, v. 1.
500 ## - GENERAL NOTE
General note "United Nations publication sales no. E.01.XIII.18"--T.p. verso, v. 2.
500 ## - GENERAL NOTE
General note "United Nations publication sales no. E.02.XIII.5"--T.p. verso, v. 3.
504 ## - BIBLIOGRAPHY, ETC. NOTE
Bibliography, etc Includes bibliographical references.
505 0# - FORMATTED CONTENTS NOTE
Formatted contents note v. 1. Afghanistan to France -- v. 2. Gabon to Norway -- v. 3. Oman to Zimbabwe.
650 #0 - SUBJECT ADDED ENTRY--TOPICAL TERM
Topical term or geographic name as entry element Abortion
General subdivision Government policy
Form subdivision Cross-cultural studies.
650 #0 - SUBJECT ADDED ENTRY--TOPICAL TERM
Topical term or geographic name as entry element Abortion
General subdivision Law and legislation
Form subdivision Cross-cultural studies.
650 #0 - SUBJECT ADDED ENTRY--TOPICAL TERM
Topical term or geographic name as entry element Birth control
Form subdivision Cross-cultural studies.
710 2# - ADDED ENTRY--CORPORATE NAME
Corporate name or jurisdiction name as entry element United Nations.
Subordinate unit Department of Economic and Social Affairs.
-- Population Division.
906 ## - LOCAL DATA ELEMENT F, LDF (RLIN)
a 7
b cbc
c origcop
d 2
e ncip
f 20
g y-gencatlg
942 ## - ADDED ENTRY ELEMENTS (KOHA)
Source of classification or shelving scheme Dewey Decimal Classification
Koha item type Books
Holdings
Withdrawn status Lost status Source of classification or shelving scheme Damaged status Not for loan Home library Current library Date acquired Total Checkouts Full call number Barcode Checked out Date last seen Price effective from Koha item type
    Dewey Decimal Classification     County Hall Archives County Hall Archives 06/19/2023   304.66 UN 10010599 12/13/2019 06/19/2023 06/19/2023 Books
LIBRARY OPENING HOURS

When the Parliament is sitting: 8.00a.m - 7.00p.m or until the house adjourns
Mondays and Fridays and when the House is on Recess:  8.00a.m - 5.00p.m
Closed on Weekends and Public Holidays

Online Public Access Catalog (OPAC)
Website: http://www.parliament.go.ke
Bunge Library: https://libraryir.parliament.go.ke
Contact: library@parliament.go.ke | Tel no: (254-2)2221291 or 2848000 Ext 5043